Molly Moon's micky minus and the mind machine / (Record no. 13566)
[ view plain ]
| 000 -LEADER | |
|---|---|
| fixed length control field | 02600nam a22003857a 4500 |
| 001 - CONTROL NUMBER | |
| control field | B-262263-272 |
| 003 - CONTROL NUMBER IDENTIFIER | |
| control field | dpl |
| 005 - DATE AND TIME OF LATEST TRANSACTION | |
| control field | 20080602112520.0 |
| 008 - FIXED-LENGTH DATA ELEMENTS--GENERAL INFORMATION | |
| fixed length control field | 080602t xxu||||| |||| 00| 0 eng d |
| 010 ## - LIBRARY OF CONGRESS CONTROL NUMBER | |
| LC control number | B-262263-272 |
| 020 ## - INTERNATIONAL STANDARD BOOK NUMBER | |
| International Standard Book Number | 19781405048880 |
| Terms of availability | 399.00 |
| 037 ## - SOURCE OF ACQUISITION | |
| Stock number | 43778 dt/ 22.4.2008 |
| Source of stock number/acquisition | Super Book Distributors/22.4.08/27/8.4.08/19.5.08/399.00/ |
| 040 ## - CATALOGING SOURCE | |
| Original cataloging agency | DPL |
| Language of cataloging | English |
| 082 ## - DEWEY DECIMAL CLASSIFICATION NUMBER | |
| Classification number | N |
| 100 ## - MAIN ENTRY--PERSONAL NAME | |
| Personal name | Byng, Georgia |
| 245 ## - TITLE STATEMENT | |
| Title | Molly Moon's micky minus and the mind machine / |
| Statement of responsibility, etc | by Georgia Byng |
| 260 ## - PUBLICATION, DISTRIBUTION, ETC. (IMPRINT) | |
| Place of publication, distribution, etc | London |
| Name of publisher, distributor, etc | Macmillan Children's Books |
| Date of publication, distribution, etc | 2005 |
| 260 ## - PUBLICATION, DISTRIBUTION, ETC. (IMPRINT) | |
| Place of publication, distribution, etc | New Delhi |
| Name of publisher, distributor, etc | Super Book Distributors |
| 270 ## - ADDRESS | |
| Address | 20 New Wharf Road, London N1 9RR |
| City | London |
| 270 ## - ADDRESS | |
| Address | F-1/16, Basement Ansari Road, Darya Ganj |
| City | New Delhi |
| 300 ## - PHYSICAL DESCRIPTION | |
| Extent | 369p. |
| Other physical details | . |
| Dimensions | 23 cm.(Hb) |
| 942 ## - ADDED ENTRY ELEMENTS (KOHA) | |
| Source of classification or shelving scheme | Dewey Decimal Classification |
| Koha item type | Children Books |
| Classification part | N |
| Call number suffix | BYN |
| Withdrawn status | Lost status | Damaged status | Not for loan | Collection code | Home library | Current library | Date acquired | Source of acquisition | Cost, normal purchase price | Total Checkouts | Full call number | Barcode | Date last seen | Copy number | Cost, replacement price | Price effective from | Koha item type | Total Renewals | Date checked out |
|---|---|---|---|---|---|---|---|---|---|---|---|---|---|---|---|---|---|---|---|
| Fiction | Bawana | Bawana | 03/07/2008 | 399.00 | N / BYN | B-262271 | 15/09/2008 | 1 | 399.00 | 15/09/2008 | Children Books | ||||||||
| Fiction | Central Library | Central Library | 03/07/2008 | 399.00 | 1 | N / BYN | B-262263 | 02/07/2018 | 1 | 399.00 | 15/09/2008 | Children Books | 01/07/2018 | ||||||
| Fiction | Jor Bagh (Children Lib) | Jor Bagh (Children Lib) | 03/07/2008 | 399.00 | N / BYN | B-262268 | 15/09/2008 | 1 | 399.00 | 15/09/2008 | Children Books | ||||||||
| Fiction | Karol Bagh | Karol Bagh | 03/07/2008 | 399.00 | N / BYN | B-262269 | 15/09/2008 | 1 | 399.00 | 15/09/2008 | Children Books | ||||||||
| Fiction | Kasturba Gandhi Marg | Kasturba Gandhi Marg | 12/06/2008 | Super Book Distributors/22.4.08/27/8.4.08/19.5.08/399.00/ | 399.00 | N / BYN | B-262265 | 15/09/2008 | 1 | 399.00 | 15/09/2008 | Children Books | |||||||
| Fiction | Narela | Narela | 03/07/2008 | 399.00 | N / BYN | B-262270 | 15/09/2008 | 1 | 399.00 | 15/09/2008 | Children Books | ||||||||
| Fiction | Patel Nagar | Patel Nagar | 03/07/2008 | 399.00 | N / BYN | B-262264 | 15/09/2008 | 399.00 | 15/09/2008 | Children Books | |||||||||
| Fiction | Peshwa Road | Peshwa Road | 03/07/2008 | 399.00 | N / BYN | B-262266 | 15/09/2008 | 1 | 399.00 | 15/09/2008 | Children Books | ||||||||
| Fiction | Sarojini Nagar | Sarojini Nagar | 03/07/2008 | 399.00 | 2 | N / BYN | B-262267 | 13/04/2024 | 1 | 399.00 | 15/09/2008 | Children Books | 1 | 11/03/2024 | |||||
| Fiction | Shahdara Branch | Shahdara Branch | 03/07/2008 | Super Book Distributors/22.4.08/27/8.4.08/19.5.08/399.00/ | 399.00 | N / BYN | B-262272 | 15/09/2008 | 1 | 399.00 | 15/09/2008 | Children Books | |||||||
| Fiction | Vinoba Puri | Vinoba Puri | 09/09/2008 | Super Book/45019/4.8.08/214/21.7.08/13.8.08 | 399.00 | 14 | N BYN | B-284444 | 31/03/2023 | 1 | 399.00 | 15/09/2008 | Children Books | 17/03/2023 |
